The river between / (Record no. 49680)
| 000 -LEADER | |
|---|---|
| fixed length control field | 00432nam a2200133 4500 |
| 020 ## - INTERNATIONAL STANDARD BOOK NUMBER | |
| International Standard Book Number | 9780698166776 |
| 100 ## - MAIN ENTRY--PERSONAL NAME | |
| Personal name | Thiong'o, Ngugi Wa |
| 9 (RLIN) | 86798 |
| 245 ## - TITLE STATEMENT | |
| Title | The river between / |
| Statement of responsibility, etc | Ngugi Wa Thiong'o. |
| 260 ## - PUBLICATION, DISTRIBUTION, ETC. (IMPRINT) | |
| Place of publication, distribution, etc | New York: |
| Name of publisher, distributor, etc | Penguin Books; |
| Date of publication, distribution, etc | 2015. |
| 300 ## - PHYSICAL DESCRIPTION | |
| Extent | 156 p. |
| Dimensions | 20 cm. |
| 500 ## - GENERAL NOTE | |
| General note | [Penguin classics] cover. |
| 650 ## - SUBJECT ADDED ENTRY--TOPICAL TERM | |
| Topical term or geographic name as entry element | Kikuyu (African people). Kenya History - 1895-1963. |
| Form subdivision | Fiction. |
| Geographic subdivision | Kenya. |
| 9 (RLIN) | 86799 |
| 942 ## - ADDED ENTRY ELEMENTS (KOHA) | |
| Source of classification or shelving scheme | |
| Koha item type | YA FIC BOOKS |
| Withdrawn status | Lost status | Source of classification or shelving scheme | Damaged status | Not for loan | Collection code | Home library | Current library | Shelving location | Date acquired | Full call number | Barcode | Date last seen | Price effective from | Koha item type |
|---|---|---|---|---|---|---|---|---|---|---|---|---|---|---|
| SECONDARY | Asian Hope Secondary Library | Asian Hope Secondary Library | SECONDARY | 10/28/2025 | YA FIC THI | 208783 | 01/16/2026 | 10/28/2025 | YA FIC BOOKS |